000 00296nam a22001337a 4500
008 170927b xxu||||| |||| 00| 0 eng d
020 _a2900495095803
041 _aeng
080 _212TH
_a37
100 _a47
101 _aEDU
245 _aLOOKING OUT LOOKING IN
_cADLER,R.B
942 _2udc
_cBK
999 _c30259
_d30259